| 000 | 01268nam a2200241Ia 4500 | ||
|---|---|---|---|
| 999 |
_c36390 _d36390 |
||
| 001 | 2304 | ||
| 003 | GE_BSU | ||
| 005 | 20190528133010.0 | ||
| 008 | 181216s2011||||ge |||||||||||||| ||geo|| | ||
| 040 | _cGE_BSU | ||
| 041 | _ageo | ||
| 080 | _a94(479.223) დ–24 | ||
| 100 |
_aდაკიშევიჩი, ნ. _91697 |
||
| 245 |
_cნ.მ. დაკიშევიჩი ; თარგმნა, წინასიტყვ., შენიშვნ. და საძიებლები დაურთო რამაზ სურმანიძემ ; რედ. ოთარ გოგოლიშვილი. _aბათუმი / |
||
| 264 |
_aთბილისი : _bინოვაცია, _c2011. |
||
| 300 |
_a69 გვ.: _bილ. _c20სმ. |
||
| 440 |
_aსერია აჭარა უცხოელთა თვალით _91698 |
||
| 504 | _a საძიებლები: გვ. 55-66. - ბიბლიოგრ. ტექსტ. შენიშვნ. | ||
| 653 | _a ბათუმის ისტორია | ||
| 700 |
_aსურმანიძე, რამაზ _eმთარგმნელი _91529 |
||
| 700 |
_aგოგოლიშვილი, ოთარ _eრედაქტორი _9930 |
||
| 942 |
_cBK _2udc |
||